| 000 | 00349cam a22001092 4500 | ||
|---|---|---|---|
| 100 | 1 |
_aFrench, John Denton Pinkstone, _949407 |
|
| 245 | 1 | 0 |
_a"1914"; _bMemoaritĕ na Feldmarshal French ... _cprĕvel ot originala D. Mamarchev. |
| 260 |
_aSofii͡a︡, _c1919. |
||
| 300 |
_a220 p. _c24 cm. |
||
| 526 |
_a0 _b0 _c0 _d940_400000000000000_FRE |
||
| 942 |
_2ddc _cBK |
||
| 999 |
_c552191 _d552191 |
||